| 000 | nam a22 a 4500 | ||
|---|---|---|---|
| 999 |
_c1139 _d1139 |
||
| 003 | AKMAL | ||
| 005 | 20170508142816.0 | ||
| 008 | 170508s1991 my 00 may d | ||
| 020 |
_a9679963527 (kkt.): _cRM 9.90 |
||
| 040 | _aAKMAL | ||
| 082 | 0 | 4 | _a297.44 YUS |
| 090 |
_a297.44 _bYUS |
||
| 100 |
_aYusof Ismail _91801 |
||
| 245 | 1 |
_aMengurus secara Islam / _cYusof Ismail |
|
| 260 |
_aKuala Lumpur : _bA.S. Noordeen, _c1991 |
||
| 300 |
_av, 253ms. ; _c21cm. |
||
| 504 | _aMengandungi bibliografi | ||
| 505 | 0 | _aMengandungi ayat-ayat dari Quran | |
| 650 |
_aManagement _xReligious aspects _xIslam _91905 |
||
| 942 |
_2ddc _cBOOK |
||